[Event "Algiers zt 4.1 (Women)"]
[Site "Algiers"]
[Date "2017.05.16"]
[Round "7"]
[White "Marzouk, Amira"]
[Black "Mezioud, Amina"]
[Result "0-1"]
[WhiteElo "1721"]
[BlackElo "2052"]
[PlyCount "154"]
[EventDate "2017.05.12"]
[EventType "tourn"]
[EventRounds "9"]
[EventCountry "ALG"]
[SourceTitle "CBM 178 Extra"]
[Source "ChessBase"]
[SourceDate "2017.06.22"]
[SourceVersion "1"]
[SourceVersionDate "2017.06.22"]
[SourceQuality "1"]

1. d4 d6 2. Bf4 g6 3. e3 Bg7 4. Nf3 e6 5. h3 Ne7 6. Be2 b6 7. a4 Bb7 8. Bh2 0-0 9. 0-0 Nd7 10. c3 Rc8 11. Nbd2 Kh8 12. a5 e5 13. axb6 axb6 14. Ba6 Bxa6 15. Rxa6 Ra8 16. Qa4 Rxa6 17. Qxa6 Nf5 18. Ra1 Re8 19. Qb7 Qb8 20. Ra7 Qxb7 21. Rxb7 Rc8 22. Ne4 exd4 23. exd4 Nf6 24. Nxf6 Bxf6 25. g4 Ng7 26. b4 Ne6 27. Ra7 Kg7 28. d5 Ng5 29. Nxg5 Bxg5 30. c4 Bd2 31. b5 Kf6 32. Kg2 Bb4 33. Bf4 Ke7 34. Be3 Bc5 35. Bxc5 dxc5 36. Kf3 Kd6 37. Kf4 Re8 38. Kg5 Re2 39. f4 Rf2 40. f5 h6+ 41. Kf6 gxf5 42. gxf5 Rf4 43. Ra4 Kd7 44. Kxf7 Rxf5+ 45. Kg6 Rf4 46. Kxh6 Rh4+ 47. Kg5 Rxh3 48. Kf6 Rb3 49. Ke5 Re3+ 50. Kf4 Re1 51. Kf5 Kd6 52. Kf4 Re2 53. Kf5 Rb2 54. Ke4 Rd2 55. Ke3 Rd4 56. Ke2 Ke5 57. Ke3 Rh4 58. Ra7 Rxc4 59. Rxc7 Rb4 60. d6 Ke6 61. Rb7 Rxb5 62. d7 Ke7 63. Ke4 Rb4+ 64. Kd5 Rd4+ 65. Kc6 Rd6+ 66. Kb5 Kd8 67. Ra7 Rxd7 68. Ra8+ Kc7 69. Ra7+ Kd6 70. Ra8 Kd5 71. Rc8 Rd6 72. Rc7 Kd4 73. Rc8 Kc3 74. Rc7 Kb3 75. Rc8 c4 76. Rg8 c3 77. Rg3 Kb2 0-1

[Event "TUN-ch (Women)"]
[Site "Hammamet"]
[Date "2017.04.12"]
[Round "4"]
[White "Krifa, Najla"]
[Black "Marzouk, Amira"]
[Result "1/2-1/2"]
[WhiteElo "1806"]
[BlackElo "1722"]
[PlyCount "31"]
[EventDate "2017.04.10"]
[EventType "swiss"]
[EventRounds "7"]
[EventCountry "TUN"]
[SourceTitle "CBM 177 Extra"]
[Source "ChessBase"]
[SourceDate "2017.04.27"]
[SourceVersion "1"]
[SourceVersionDate "2017.04.27"]
[SourceQuality "1"]

1. e4 d5 2. exd5 Qxd5 3. Nc3 Qa5 4. d4 c6 5. Nf3 Nf6 6. h3 Bf5 7. Bc4 e6 8. Bd2 Qc7 9. 0-0 Bd6 10. Re1 0-0 11. Be3 Nbd7 12. Bd3 Bxd3 13. Qxd3 Nd5 14. Nxd5 cxd5 15. c3 Nf6 16. Rad1 1/2-1/2

[Event "TUN-ch (Women)"]
[Site "Hammamet"]
[Date "2017.04.11"]
[Round "3"]
[White "Marzouk, Amira"]
[Black "Chihi, Malak"]
[Result "1/2-1/2"]
[WhiteElo "1722"]
[BlackElo "1565"]
[PlyCount "66"]
[EventDate "2017.04.10"]
[EventType "swiss"]
[EventRounds "7"]
[EventCountry "TUN"]
[SourceTitle "CBM 177 Extra"]
[Source "ChessBase"]
[SourceDate "2017.04.27"]
[SourceVersion "1"]
[SourceVersionDate "2017.04.27"]
[SourceQuality "1"]

1. d4 d5 2. Bf4 Nf6 3. e3 Bf5 4. Nf3 Nc6 5. c4 e6 6. a3 Bd6 7. Bg3 Bg4 8. c5 Bxg3 9. hxg3 e5 10. Qa4 Bxf3 11. gxf3 exd4 12. exd4 a6 13. Nc3 Qd7 14. Qd1 h6 15. Be2 Nh7 16. f4 Nf6 17. 0-0 g5 18. Re1 Kf8 19. Qd2 Re8 20. Bf3 g4 21. Bg2 h5 22. Rxe8+ Kxe8 23. Re1+ Kd8 24. Bh1 Re8 25. Rxe8+ Kxe8 26. Qe3+ Qe7 27. Qxe7+ Nxe7 28. Kf1 c6 29. Ke2 Kd7 30. Kd3 Nf5 31. b4 Ne8 32. a4 Nc7 33. b5 a5 1/2-1/2